| 000 | 00549cam a2200217ua 4500 | ||
|---|---|---|---|
| 020 | _c45.00 | ||
| 041 |
_aeng _h |
||
| 082 |
_a028.766 _bRAM/DA |
||
| 100 | _aRamalingom, T . | ||
| 245 |
_aData book for scientists and engineers / _cT Ramalingom. _hTextual Documents |
||
| 250 |
_a1 / _b. |
||
| 260 |
_aNew Delhi : _bOxford & IBH Publishing company , _c1984. |
||
| 300 | _a404 ; . | ||
| 365 | _a45.00 | ||
| 500 | _a** Reference | ||
| 504 | _a | ||
| 942 | _cBK | ||
| 999 |
_c8842 _d8842 |
||